|
|
|
|
| LEADER |
00622nam a22001697a 4500 |
| 008 |
161202b xxu||||| |||| 00| 0 eng d |
| 020 |
|
|
|a 9789350847329
|
| 082 |
|
|
|a 305.420954
|b PAN
|
| 100 |
|
|
|a Pandey, Jaya Kumari
|
| 245 |
|
|
|a Dynamics of women empowerment in India /
|c Jaya Kumari Pandey
|
| 250 |
|
|
|a 1st ed.
|
| 260 |
|
|
|a New Delhi :
|b Centrum Press,
|c 2015.
|
| 300 |
|
|
|a 272p.
|
| 650 |
|
|
|a Women empowernent
|
| 942 |
|
|
|2 ddc
|c BK
|
| 999 |
|
|
|c 16095
|d 16095
|
| 952 |
|
|
|0 0
|1 0
|2 ddc
|4 0
|6 305_420954000000000_PAN
|7 0
|9 22619
|a MAIN
|b MAIN
|d 2016-12-02
|e Pai Brothers
|g 1800.00
|l 4
|m 1
|o 305.420954 PAN
|p 22615
|r 2018-11-30
|s 2018-11-29
|t 1
|w 2016-12-02
|y BK
|